000 00297nam a22001457a 4500
020 _a0-7214-0753
082 _a823
_bWOD/D
100 _aWOODMAN, JUNE
245 _aDENNIS THE DRAGON
250 _a1
260 _aUK
_bLADYBIRD
300 _a51
650 _aENGLISH SHORT STORY
_zUK
942 _cBK
999 _c3975
_d3975